Counter signs. (Record no. 60617)

MARC details
000 -LEADER
fixed length control field 00606cam a2200181 4500
001 - CONTROL NUMBER
control field ABS60939
008 - FIXED-LENGTH DATA ELEMENTS--GENERAL INFORMATION
fixed length control field 000000n1999 000 0 eng u
035 ## - SYSTEM CONTROL NUMBER
System control number (Sirsi) u101484
100 ## - MAIN ENTRY--PERSONAL NAME
Personal name Eade
Titles and words associated with a name C.
245 ## - TITLE STATEMENT
Title Counter signs.
260 ## - PUBLICATION, DISTRIBUTION, ETC.
Date of publication, distribution, etc. 1999
490 ## - SERIES STATEMENT
Series statement Property Week
Volume/sequential designation 64(28) 16 July 1999, 30-32(3)
520 ## - SUMMARY, ETC.
Summary, etc. Reviews the latest retail figures from FOCUS which indicate a slowdown in the demand for space. Tables showing regional demand and requirements.
650 ## - SUBJECT ADDED ENTRY--TOPICAL TERM
Topical term or geographic name entry element SPACE REQUIREMENTS
650 ## - SUBJECT ADDED ENTRY--TOPICAL TERM
Topical term or geographic name entry element PROPERTY DEMAND
690 ## - LOCAL SUBJECT ADDED ENTRY--TOPICAL TERM (OCLC, RLIN)
Topical term or geographic name as entry element PROPERTY-COMMERCIAL PROPERTY-RETAIL PROPERTY
942 ## - ADDED ENTRY ELEMENTS (KOHA)
Suppress in OPAC 0
Holdings
Withdrawn status Lost status Source of classification or shelving scheme Damaged status Not for loan Home library Current library Shelving location Date acquired Total Checkouts Full call number Barcode Date last seen Copy number Price effective from Koha item type
    Dewey Decimal Classification     London London Journal article 05/11/1999   ABS60939 101484-1001 06/08/2019 1 06/08/2019 Journal article